000 00570nam a2200157 4500
999 _c17091
_d17091
008 220602b ||||| |||| 00| 0 eng d
022 _a0732-8435
082 _aDPer 657.05 C33 Sept - Dec 2012, v. 82 n. 9 - 12
100 _aSoled, Jay A.
_943011
245 _aComparative negligence defense in tax return preparation malpractice actions/
_cJay A. Soled.
260 _aNew York:
_bThe New York State Society of CPA,
_c©2012.
300 _av82 n11, page 58-60:
_b illustrations:
_c28 cm.
500 _aThe CPA Journal.
650 _aTaxation.
_945421
942 _2ddc
_cPER